000 00425nam a22001697a 4500
005 20160527121145.0
008 160527b xxu||||| |||| 00| 0 eng d
020 _a0-07-049933-0
041 _aeng
082 _b5509
100 _aBurt, Dobler and Starking
_91382
245 _aWorld class supply Management
260 _aNew Delhi
_bAcademic Faundation
_c2004
300 _a671
650 _aManagement
_9241
942 _cBK
999 _c1958
_d1957